Transformers, (Record no. 545482)

000 -LEADER
fixed length control field 00643cam a22001811 4500
082 ## - DEWEY DECIMAL CLASSIFICATION NUMBER
Classification number 621.314
Author Mark WIL
-- L-11, P-7
100 1# - MAIN ENTRY--PERSONAL NAME
Personal name Wild, Eric Egbert.
9 (RLIN) 41350
245 00 - TITLE STATEMENT
Title Transformers,
Statement of responsibility, etc. by Eric E. Wild.
260 ## - PUBLICATION, DISTRIBUTION, ETC.
Place of publication, distribution, etc. London,
-- Glasgow,
Name of publisher, distributor, etc. Blackie & son limited
Date of publication, distribution, etc. [1940]
300 ## - PHYSICAL DESCRIPTION
Extent 5 p. l., 132 p.
Other physical details diagrs.
Dimensions 22 cm.
500 ## - GENERAL NOTE
General note "Answers to examples": p. [127]
500 ## - GENERAL NOTE
General note "First published 1940."
500 ## - GENERAL NOTE
General note Imprint covered by label: Distributed by Chemical publishing company, inc., Brooklyn, N. Y.
526 ## - STUDY PROGRAM INFORMATION NOTE
Program name 0
Interest level 0
Reading level 0
Title point value 621_314000000000000_WIL
650 #0 - SUBJECT ADDED ENTRY--TOPICAL TERM
Topical term or geographic name entry element Electric transformers.
9 (RLIN) 41351
650 #0 - SUBJECT ADDED ENTRY--TOPICAL TERM
Topical term or geographic name entry element MCE
9 (RLIN) 379
942 ## - ADDED ENTRY ELEMENTS (KOHA)
Source of classification or shelving scheme
Koha item type Book
Holdings
Withdrawn status Lost status Source of classification or shelving scheme Damaged status Not for loan Permanent Location Current Location Date acquired Total Checkouts Full call number Barcode Date last seen Price effective from Koha item type
          Military College of Engineering (MCE) Military College of Engineering (MCE) 05/23/2014   621.314 WIL MCE-40663 05/23/2014 05/23/2014 Book
© 2023 Central Library, National University of Sciences and Technology. All Rights Reserved.